00517nam a2200205Ia 450000500170000000800410001702000150005808200210007324500470009426000380014130000170017965000110019665000160020765000080022365000100023165000130024170000170025470000190027170000210029020250115014148.0240331s9999 xx 000 0 und d a0415062527 bDIA23629a305.3 0aGendered Fields:bWomen, Men & Ethnography aLondonaNew YorkbRoutledgec1993 axiv, 260 p., aGender aEthnography aMen aWomen aFeminism aBell, Deedt aCaplan, Peedt aKarim, W. Jeedt